000
00318nam a2200133Ia 4500
005
20251222141810.0
008
251222s9999||||xx |||||||||||||| ||spa||
082
_a
860.992.87/R78
100
_a
Rojas - Treme, Lady
245
0
_a
Alumbramiento Verbal en los 90
250
_a
1ra.ed.
264
_b
Arteidea
942
_c
LIB
999
_c
6436
_d
6436